IBM PC TROUBLESHOOTING AND REPAIR GUIDE (Record no. 570405)
[ view plain ]
| 000 -LEADER | |
|---|---|
| fixed length control field | 00310nam a22001217a 4500 |
| 082 ## - DEWEY DECIMAL CLASSIFICATION NUMBER | |
| Classification number | 004 BRE |
| 100 ## - MAIN ENTRY--PERSONAL NAME | |
| Personal name | BRENNER, ROBERT.C |
| 9 (RLIN) | 36708 |
| 245 ## - TITLE STATEMENT | |
| Title | IBM PC TROUBLESHOOTING AND REPAIR GUIDE |
| 260 ## - PUBLICATION, DISTRIBUTION, ETC. | |
| Place of publication, distribution, etc. | NEW DELHI |
| Name of publisher, distributor, etc. | BPB PUBLICATION |
| Date of publication, distribution, etc. | 1994 |
| 300 ## - PHYSICAL DESCRIPTION | |
| Extent | 204P |
| 650 ## - SUBJECT ADDED ENTRY--TOPICAL TERM | |
| Topical term or geographic name entry element | PC REPAIR GUIDE |
| 9 (RLIN) | 60753 |
| 942 ## - ADDED ENTRY ELEMENTS (KOHA) | |
| Koha item type | Book |
| Withdrawn status | Lost status | Damaged status | Not for loan | Permanent Location | Current Location | Shelving location | Date acquired | Total Checkouts | Full call number | Barcode | Date last seen | Price effective from | Koha item type |
|---|---|---|---|---|---|---|---|---|---|---|---|---|---|
| College of Electrical & Mechanical Engineering (CEME) | College of Electrical & Mechanical Engineering (CEME) | General Stacks | 07/19/2017 | 004 BRE | CEME-25329 | 06/28/2021 | 06/28/2021 | Book |
